00670 a2200169 4500003000500000005001700005020001800022040000900040082001400049100001800063245007100081250001200152260004800164300000900212505022400221650005500445Nust20230113160833.0 a0-574-21129-2 cNust a651.8,DOC aDock,V.Thomas aPrinciples of business data processing with BASIC /bThomas,V.Dock a3rd ed. aChicagobScience research assosiatesc1978. a503p aSome Fundamentals of Data Processing (Page- 3), Computer systems (Page-101), Computer programming and design (Page-257), Overview of systems (Page -341), Data processing management and the computer industry (Page-385). aPrinciples of business data processing with BASIC.